书目信息 |
| 题名: |
考研心理学历年真题超详标准解析
|
|
| 作者: | ;全国考研心理学大纲配套教材专家委员会 编 | |
| 分册: | ||
| 出版信息: | 北京 高等教育出版社 2016 |
|
| 页数: | 280页 | |
| 开本: | 26cm | |
| 丛书名: | ||
| 单 册: | ||
| 中图分类: | B84-44 | |
| 科图分类: | ||
| 主题词: | 心理学--xin li xue--硕士生入学考试--题解 | |
| 电子资源: | ||
| ISBN: | 978-7-04-045124-5 | |
| 000 | 00912nam0 22002291 450 | |
| 001 | 1738605244 | |
| 005 | 20170627164623.0 | |
| 010 | @a978-7-04-045124-5@dCNY38.00 | |
| 100 | @a20160530d2016 em y0chiy50 ea | |
| 101 | 0 | @achi |
| 102 | @aCN@b110000 | |
| 105 | @ay zq 000yy | |
| 106 | @ar | |
| 200 | 1 | @a考研心理学历年真题超详标准解析@9kao yan xin li xue li nian zhen ti chao xiang biao zhun jie xi@e2017高教版@f全国考研心理学大纲配套教材专家委员会[编] |
| 210 | @a北京@c高等教育出版社@d2016 | |
| 215 | @a280页@d26cm | |
| 330 | @a本书收录了2007-2015年全国硕士研究生招生考试心理学专业基础综合试题,并附有参考答案与解析。 | |
| 606 | 0 | @a心理学@9xin li xue@x硕士生入学考试@j题解 |
| 690 | @aB84-44@v5 | |
| 711 | 02 | @a全国考研心理学大纲配套教材专家委员会@9quan guo kao yan xin li xue da gang pei tao jiao cai zhuan jia wei yuan hui@4编 |
| 801 | 0 | @aCN@bTANGWEI@c20170621 |
| 905 | @b1015843-8@dB84-44@e1895@f6 | |
| 考研心理学历年真题超详标准解析:2017高教版/全国考研心理学大纲配套教材专家委员会[编] .-北京:高等教育出版社,2016 |
| 280页;26cm |
| ISBN 978-7-04-045124-5:CNY38.00 |
| 本书收录了2007-2015年全国硕士研究生招生考试心理学专业基础综合试题,并附有参考答案与解析。 |
| ● |
| 相关链接 |
|
|
|
|
正题名:考研心理学历年真题超详标准解析
索取号:B84-44/1895
 
预约/预借
| 序号 | 登录号 | 条形码 | 馆藏地/架位号 | 状态 | 备注 |
| 1 | 1015843 | 210158434 | 第一样本阅览室/ [索取号:B84-44/1895] | 在馆 | |
| 2 | 1015844 | 210158443 | 教育系资料室/ [索取号:B84-44/1895] | 在馆 | |
| 3 | 1015845 | 210158452 | 教育系资料室/ [索取号:B84-44/1895] | 在馆 | |
| 4 | 1015846 | 210158461 | 教育系资料室/ [索取号:B84-44/1895] | 在馆 | |
| 5 | 1015847 | 210158470 | 第一借阅区/ [索取号:B84-44/1895] | 在馆 | |
| 6 | 1015848 | 210158489 | 第一借阅区/ [索取号:B84-44/1895] | 在馆 |